MARC details
| 000 -LEADER |
| campo de control de longitud fija |
03162cam a2200505 i 4500 |
| 001 - NÚMERO DE CONTROL |
| campo de control |
22398576 |
| 003 - IDENTIFICADOR DE NÚMERO DE CONTROL |
| campo de control |
BJBSDDR |
| 005 - FECHA Y HORA DE LA ÚLTIMA TRANSACCIÓN |
| campo de control |
20260417170554.0 |
| 006 - CÓDIGOS DE INFORMACIÓN DE LONGITUD FIJA--CARACTERÍSTICAS DEL MATERIAL ADICIONAL |
| campo de control de longitud fija |
a|||||r|||| 00| 0 |
| 007 - CAMPO FIJO DE DESCRIPCIÓN FÍSICA--INFORMACIÓN GENERAL |
| campo de control de longitud fija |
ta |
| 008 - DATOS DE LONGITUD FIJA--INFORMACIÓN GENERAL |
| campo de control de longitud fija |
220126s2022 nyuab r 000 0deng |
| 010 ## - NÚMERO DE CONTROL DE LA BIBLIOTECA DEL CONGRESO |
| Número de control de LC |
2022901661 |
| 020 ## - NÚMERO INTERNACIONAL ESTÁNDAR DEL LIBRO |
| Número Internacional Estándar del Libro |
9780316383370 |
| Información calificativa |
(hardcover) |
| 020 ## - NÚMERO INTERNACIONAL ESTÁNDAR DEL LIBRO |
| Número Internacional Estándar del Libro |
9780316500357 |
| Información calificativa |
(signed) |
| 020 ## - NÚMERO INTERNACIONAL ESTÁNDAR DEL LIBRO |
| Número Internacional Estándar del Libro |
9780316500456 |
| Información calificativa |
(Barnes & Noble signed) |
| 020 ## - NÚMERO INTERNACIONAL ESTÁNDAR DEL LIBRO |
| ISBN cancelado o inválido |
9780316383479 |
| Información calificativa |
(epub) |
| 035 ## - NÚMERO DE CONTROL DEL SISTEMA |
| Número de control de sistema |
22398576 |
| 040 ## - FUENTE DE CATALOGACIÓN |
| Centro catalogador/agencia de origen |
DLC |
| Lengua de catalogación |
eng |
| Normas de descripción |
rda |
| Centro/agencia transcriptor |
DLC |
| Centro/agencia modificador |
DLC |
| 041 ## - CÓDIGO DE IDIOMA |
| Código de lengua del texto/banda sonora o título independiente |
eng |
| 042 ## - CÓDIGO DE AUTENTICACIÓN |
| Código de autenticación |
pcc |
| 043 ## - CÓDIGO DE ÁREA GEOGRÁFICA |
| Código de área geográfica |
n-us-dc |
| -- |
n-us--- |
| 050 00 - SIGNATURA TOPOGRÁFICA DE LA BIBLIOTECA DEL CONGRESO |
| Número de clasificación |
F204.W5 |
| Número de ítem |
S729w 2022 |
| 082 00 - NÚMERO DE LA CLASIFICACIÓN DECIMAL DEWEY |
| Número de clasificación |
975.3/042 |
| Número de edición |
23/eng/20230216 |
| 100 ## - ENTRADA PRINCIPAL--NOMBRE DE PERSONA |
| Nombre de persona |
Souza, Pete, |
| Fechas asociadas al nombre |
1954- |
| Término indicativo de función/relación |
author. |
| 9 (RLIN) |
1777 |
| 245 14 - MENCIÓN DEL TÍTULO |
| Título |
The West Wing and beyond : |
| Resto del título |
what I saw inside the presidency / |
| Mención de responsabilidad, etc. |
Pete Souza. |
| 246 30 - FORMA VARIANTE DEL TITULO |
| Título propio/Titulo breve |
What I saw inside the presidency |
| 250 ## - MENCION DE EDICION |
| Mención de edición |
First edition. |
| 264 #1 - PRODUCCIÓN, PUBLICACIÓN, DISTRIBUCIÓN, FABRICACIÓN Y COPYRIGHT |
| Producción, publicación, distribución, fabricación y copyright |
New York : |
| Nombre del de productor, editor, distribuidor, fabricante |
Voracious / Little, Brown and Company, |
| Fecha de producción, publicación, distribución, fabricación o copyright |
2022. |
| 300 ## - DESCRIPCIÓN FÍSICA |
| Extensión |
253 pages : |
| Otras características físicas |
illustrations (chiefly color), color map ; |
| Dimensiones |
22 x 28 cm |
| 336 ## - TIPO DE CONTENIDO |
| Término de tipo de contenido |
text |
| Código de tipo de contenido |
txt |
| Fuente |
rdacontent |
| 336 ## - TIPO DE CONTENIDO |
| Término de tipo de contenido |
still image |
| Código de tipo de contenido |
sti |
| Fuente |
rdacontent |
| 337 ## - TIPO DE MEDIO |
| Nombre/término del tipo de medio |
unmediated |
| Código del tipo de medio |
n |
| Fuente |
rdamedia |
| 338 ## - TIPO DE SOPORTE |
| Nombre/término del tipo de soporte |
volume |
| Código del tipo de soporte |
nc |
| Fuente |
rdacarrier |
| 505 0# - NOTA DE CONTENIDO CON FORMATO |
| Nota de contenido con formato |
The Oval Office -- The Outer Oval -- The Cabinet Room -- The Roosevelt Room -- The Situation Room -- The Brady Press Briefing Room -- The Colonnade -- The State Floor -- The Rose Garden -- The South Lawn -- Air Force One -- The traveling White House staff -- Marine One and the Nighthawks -- The protective bubble -- The spare -- The president comes to town -- The world stage -- Going home. |
| 520 ## - RESUMEN, ETC. |
| Sumario, etc. |
"Pete Souza has spent more time in the Oval Office than any person in history, former two-term Presidents excluded. During the Obama administration alone, Souza estimates that he was "inside the presidential bubble" for more than 25,000 hours, with a unique view on how democracy actually works. In Inside the Presidential Bubble, Souza brings the inner sanctum of the American Presidency to life and goes behind the scenes to share never-before-seen photographs and stories of life in the White House and traveling with the President across the country and around the world. Told with Pete's distinctive voice and brimming with gorgeous photography, Inside the Presidential Bubble offers a one-of-a-kind look into the daily intrigues and fascinating minutiae that make up the foundation of the American Presidency. It is an essential book for every American citizen"-- |
| Fuente proveedora |
Provided by publisher. |
| 610 20 - PUNTO DE ACCESO ADICIONAL DE MATERIA--NOMBRE DE ENTIDAD CORPORATIVA |
| Nombre de entidad corporativa o nombre de jurisdicción como elemento de entrada |
White House (Washington, D.C.) |
| Subdivisión general |
History |
| Subdivisión cronológica |
21st century |
| Subdivisión de forma |
Pictorial works. |
| 651 #0 - PUNTO DE ACCESO ADICIONAL DE MATERIA--NOMBRE GEOGRÁFICO |
| Nombre geográfico |
United States |
| Subdivisión general |
Politics and government |
| Subdivisión cronológica |
2009-2017 |
| Subdivisión de forma |
Pictorial works. |
| 651 #0 - PUNTO DE ACCESO ADICIONAL DE MATERIA--NOMBRE GEOGRÁFICO |
| Nombre geográfico |
Washington (D.C.) |
| Subdivisión general |
Social life and customs |
| Subdivisión cronológica |
21st century |
| Subdivisión de forma |
Pictorial works. |
| 655 #7 - TERMINO DE INDIZACIÓN--GENERO/FORMA |
| Datos o término principal de género/forma |
Illustrated works. |
| Fuente del término |
lcgft |
| Número de control del registro de autoridad o número normalizado |
https://id.loc.gov/authorities/genreForms/gf2014026111 |
| 906 ## - ELEMENTOS DE DATOS F LOCAL, LDF (RLIN) |
| a |
7 |
| b |
cbc |
| c |
orignew |
| d |
2 |
| e |
epcn |
| f |
20 |
| g |
y-gencatlg |
| 942 ## - ELEMENTOS DE ENTRADA SECUNDARIOS (KOHA) |
| Fuente del sistema de clasificación o colocación |
Clasificación de Library of Congress |
| Suprimir en OPAC |
No |
| Tipo de ítem Koha |
Libro |
| 946 ## - PROCESAMIENTO DE INFORMACIÓN LOCAL (OCLC) |
| Iniciales del agente catalogador |
llh |